000 01970nam a2200349Ia 4500
999 _c55616
_d55616
001 22711
003 GE_BSU
005 20230425124223.0
008 181216s ||||ge |||||||||||||| ||geo||
020 _a9789941046056
040 _cGE_BSU
041 _ageo
080 _a616.89(075.8) გ-30
100 _aგელდერი, მაიკლ
_917780
245 _aოქსფორდის მოკლე სახელმძღვანელო ფსიქიატრიაში /
_cმაიკლ გელდერი, პოლ ჰარისონი, ფილიპ ქოუენი ; მთარგმნ.: თინა ჩხეიძე, ეკა ჭყონია ; სამეცნ. რედ. : ეკა ჭყონია, ნინო მახაშვილი.
250 _aმე-5 გამოცემა
264 _aთბილისი :
_bფონდი "გლობალური ინიციატივა ფსიქიატრიაში",
_c2012.
300 _a870 გვ. :
_bცხრ. ;
_c29 სმ.
501 _aსაძიებელი : გვ. 841-870
504 _aბიბლიოგრ. : გვ. 804-840
541 _h30ლ.
653 _aმედიცინა
653 _aოქსფორდის მოკლე სახელმძღვანელო ფსიქიატრიაში
653 _aფსიქიატრია
700 _aჰარისონი, პოლ
_eავტორი
_917781
700 _aქოუენი, ფილიპ
_eავტორი
_917782
700 _a ჩხეიძე, თინა
_eმთარგმნელი
_917783
700 _aჭყონია, ეკა
_eმთარგმნელი
_917784
700 _aჭყონია, ეკა
_eრედაქტორი
_917784
700 _aმახაშვილი, ნინო
_eრედაქტორი
_917131
942 _cBK
_2udc